Biosensors nanotechnology / !c edited by Inamuddin and Tariq Altalhi.

Bibliographic Details
Other Authors: Inamuddin, 1980- (Editor), Altalhi, Tariq (Editor)
Format: eBook
Language:English
Published: Hoboken, NJ : Beverly, MA : John Wiley & Sons, Inc. ; Scrivener Publishing LLC, 2023.
Edition:2nd edition.
Subjects:
Online Access:Connect to the full text of this electronic book

MARC

Tag First Indicator Second Indicator Subfields
LEADER 00000nam a22000007i 4500
001 in00004743713
006 m o d
007 cr cnu---unuuu
008 230906t20232023nju o 000 0 eng d
005 20240513174621.1
020 |a 9781394167135  |q electronic book 
020 |a 139416713X  |q electronic book 
020 |a 9781394167128  |q electronic book 
020 |a 1394167121  |q electronic book 
020 |z 9781394166244  |q hardcover 
020 |z 1394166249  |q hardcover 
035 |a wil6007436 
035 |a (NhCcYBP)wil6007436 
040 |a NhCcYBP  |b eng  |e rda  |c NhCcYBP 
050 4 |a R857.B54  |b B56 2023 
082 0 4 |a 610.28/4  |2 23/eng/20230921 
245 0 0 |a Biosensors nanotechnology / !c edited by Inamuddin and Tariq Altalhi. 
250 |a 2nd edition. 
264 1 |a Hoboken, NJ :  |b John Wiley & Sons, Inc. ;  |a Beverly, MA :  |b Scrivener Publishing LLC,  |c 2023. 
264 4 |c ©2023 
300 |a 1 online resource 
336 |a text  |b txt  |2 rdacontent 
337 |a computer  |b c  |2 rdamedia 
338 |a online resource  |b cr  |2 rdacarrier 
588 |a Description based on online resource; title from digital title page (viewed on September 21, 2023). 
650 0 |a Biosensors. 
650 0 |a Nanotechnology. 
700 0 |a Inamuddin,  |d 1980-  |e editor. 
700 1 |a Altalhi, Tariq,  |e editor. 
776 0 8 |c Original  |z 1394166249  |z 9781394166244 
856 4 0 |u http://proxy.library.tamu.edu/login?url=https://onlinelibrary.wiley.com/book/10.1002/9781394167135  |z Connect to the full text of this electronic book  |t 0 
955 |a Wiley EBA purchase 
975 |p Wiley UBCM Full Collection 2023 
976 |a 6007436 
999 f f |s 3a8030f9-18fa-4cf5-b2b7-9e4e5690b3a8  |i dc20ce44-2d21-4010-8c65-3fa2a79dd033  |t 0 
952 f f |a Texas A&M University  |b College Station  |c Electronic Resources  |d Available Online  |t 0  |e R857.B54 B56 2023  |h Library of Congress classification 
998 f f |a R857.B54 B56 2023  |t 0  |l Available Online